|
|
|
|
| LEADER |
00000nam0a2200000 4500 |
| 001 |
342391 |
| 005 |
20231102005440.0 |
| 035 |
|
|
|a (RuTPU)RU\TPU\book\371213
|
| 090 |
|
|
|a 342391
|
| 100 |
|
|
|a 20190204d1976 km y0rusy50 ca
|
| 101 |
0 |
|
|a rus
|
| 102 |
|
|
|a RU
|
| 105 |
|
|
|a a z 001zy
|
| 200 |
1 |
|
|a Нижегородский кремль. Архитектура, история, реставрация
|f С. Л. Агафонов
|
| 210 |
|
|
|a Горький
|c Волго-Вятское кн. изд-во
|d 1976
|
| 215 |
|
|
|a 136 с.
|c ил.
|
| 320 |
|
|
|a Библиогр.: с. 133-134
|
| 330 |
|
|
|a Книга посвящена вопросам истории и архитектуры Нижегородского кремля — одного из лучших памятников русского оборонного зодчества начала XVI века. Архитектура кремля показана в связи с особенностями развития русского оборонного зодчества. В книге рассматривается формирование кремлевского ансамбля, раскрываются основные принципы реставрации кремля. Иллюстрации, кроме фотографий и рисунков, включают ряд графических архивных материалов, ранее не публиковавшихся.
|
| 606 |
1 |
|
|a Кремль Нижегородский
|x История
|2 stltpush
|3 (RuTPU)RU\TPU\subj\67119
|9 83002
|
| 606 |
1 |
|
|a Русская архитектура
|x История
|z 12-17 в. в.
|2 stltpush
|3 (RuTPU)RU\TPU\subj\67974
|9 83540
|
| 610 |
1 |
|
|a Нижегородская кремль
|
| 610 |
1 |
|
|a зодчество
|
| 610 |
1 |
|
|a оборонительные сооружения
|
| 610 |
1 |
|
|a планировка
|
| 610 |
1 |
|
|a украшения
|
| 610 |
1 |
|
|a башни
|
| 610 |
1 |
|
|a строительные конструкции
|
| 610 |
1 |
|
|a каменные конструкции
|
| 610 |
1 |
|
|a деревянные конструкции
|
| 610 |
1 |
|
|a реставрация
|
| 675 |
|
|
|a 72.032
|v 4
|
| 686 |
|
|
|a Т3(235.5)
|v LBC/SL-A
|2 rubbk
|
| 700 |
|
1 |
|a Агафонов
|b С. Л.
|g Святослав Леонидович
|
| 801 |
|
1 |
|a RU
|b 63413507
|c 20190204
|
| 801 |
|
2 |
|a RU
|b 63413507
|c 20190220
|g RCR
|
| 942 |
|
|
|c BK
|